000 01253nam a2200325 a 4500
001 000114488
003 CHAP
005 20220329144443.0
008 180202s2017 mx sm |||||||spa d
010 _a110949
011 _a111921
040 _cCHAP
090 _aTesis
100 1 _aEscarcega Torres, Janeth Ramona
_9134573
245 1 0 _aEfecto de la Thuja Occidentalis como tratamiento alternativo contra la papilomatosis caprina
_h[En línea]
_cpor Janeth Ramona Escarcega Torres y Lorenzo Antonio Valdes Martinez.
260 _aChapingo, Méx. :
_bEl autor,
_c2017.
500 _aPara ver el contenido del material haga clic en la liga
502 _aTesis (Ing. en Sistemas Pecuarios) -- UACH. Unidad Regional Universitaria de Zonas Aridas
590 _aE6339RRR
_b05
_c20180202
_lUCH01
_h1323
590 _aE6339RRR
_b05
_c20180202
_lUCH01
_h1323
590 _aE6339RRR
_b05
_c20180202
_lUCH01
_h1326
650 1 4 _aEnfermedades
_xControl
_xProductos orgánicos.
_9134347
650 1 4 _aGanado cabrío
_xEnfermedades.
_945007
650 1 4 _aThuja occidentalis.
_9134575
700 1 _aValdez Martinez, Lorenzo Antonio.
_9134574
856 _uhttp://10.13.5.2/tesis/sist114488.pdf
_zTeclea aquí
901 _aBK
942 _cLIBRO
942 _n0
999 _c110949
_d110949